Vista normal
Vista MARC
- COSTA RICA
Entrada Topical Term
Número de registros utilizados en: 1
001 - CONTROL NUMBER
- control field: 37992
003 - CONTROL NUMBER IDENTIFIER
- control field: OSt
005 - DATE AND TIME OF LATEST TRANSACTION
- control field: 20170206134948.0
008 - FIXED-LENGTH DATA ELEMENTS
- fixed length control field: 170206|| aca||aabn | a|a d
040 ## - CATALOGING SOURCE
- Original cataloging agency: OSt
- Transcribing agency: OSt
150 ## - HEADING--TOPICAL TERM
- Topical term or geographic name entry element: COSTA RICA
670 ## - SOURCE DATA FOUND
- Source citation: Work cat.: (OSt)6434: Carranza, Elías 14243, Criminalidad ¿Prevención o promoción?